| 000 | 00450nam a2200169Ia 4500 | ||
|---|---|---|---|
| 008 | 230917s9999||||xx |||||||||||||| ||und|| | ||
| 020 | _cRS475 | ||
| 040 |
_e224011 _aMAIN |
||
| 041 | _aEnglish | ||
| 082 | _a005.133 D758T | ||
| 100 | _aDowney, Allen B | ||
| 245 | 0 | _aThink python | |
| 260 |
_aMumbai _bShroff Publishers & Distributors _c2014 |
||
| 300 | _axviii, 277 p. | ||
| 500 | _a1932 05/02/2015 HBD 6324 26/02/2015 Main Budget | ||
| 942 | _cBK | ||
| 999 |
_c14466 _d14466 |
||